000 00709nam a2200313Ia 4500
001 4752
003 9434
005 20251109064831.0
008 ||||||n9999 ||| || ||
041 _aspa
082 _221
_a338
100 _aPasdermadjian, H.
_98569
245 0 _aLa segunda revolucion industrial
260 _aEspaña :
_bTECNO,
_c1960.
300 _a180p
490 _aColeccion de ciencias sociales
_v4
562 _e1
650 0 _aAdministración de empresas
_91521
650 0 _aTecnología
_92367
942 _cBKM
942 _cBKM
999 _c4752
_d4752
526 _a116204
526 _a4969
526 _a19790
526 _a104436
526 _a5144
526 _a51868
526 _a1697